[Event "Bundesliga 0405"]
[Site "Germany"]
[Date "2005.02.13"]
[Round "11.4"]
[White "Reuss, Andreas"]
[Black "Movsesian, Sergei"]
[Result "0-1"]
[WhiteElo "2356"]
[BlackElo "2629"]
[Annotator "Hazai,L"]
[PlyCount "108"]
[EventDate "2004.11.12"]
[EventType "team-tourn"]
[EventRounds "15"]
[EventCountry "GER"]
[SourceTitle "CBM 106"]
[Source "ChessBase"]
[SourceDate "2005.06.06"]
[SourceVersion "1"]
[SourceVersionDate "2005.06.06"]
[SourceQuality "1"]
[WhiteTeam "Stuttgart"]
[BlackTeam "Baden Oos"]
[WhiteTeamCountry "GER"]
[BlackTeamCountry "GER"]

1. Nf3 Nf6 2. d4 g6 3. Bg5 Bg7 4. c3 O-O 5. Nbd2 d6 6. e3 h6 {It is usually
advisable to insert h6 Bh4, because then the B has no retreat on the c1-h6 /^
after a possible e3-e4.} (6... Qe8 {- Speelman-Howell, London 2003 CBM 97.}) 7.
Bh4 Qe8 {There are many transpositions to the immediate 6...Qe8 line.} 8. Bc4 {
is logical because after e5 the B is well-placed on the a2-g8 /^.} (8. a4 e5 9.
dxe5 dxe5 10. e4 $5 (10. a5 {White completely neglects the [+], as if it would
be completely closed.} Nh5 {/\ f5} ({The alternative plan by} 10... e4 $5 11.
Nd4 c5 12. N4b3 Qc6 {gains a lot of space in the [+].}) 11. Bc4 Kh8 12. e4 f5
13. exf5 gxf5 {Black's strong central pawns cannot be attacked easily.} 14. O-O
Nc6 15. Bb5 e4 $5 {immediately looks logical.} (15... Qg6 16. Nc4 e4 17. Bxc6
bxc6 18. Nfe5 {This is the difference!} Qe8 19. a6 {White is completely
obsessed by the advance of this flank P.} (19. f4 Ba6 20. Rf2 Nxf4 21. Rxf4
Bxe5 22. Nxe5 Qxe5 23. Bg3 $44) (19. Bd8 Bxe5 20. Nxe5 Ba6 21. Bxc7 Bxf1 22.
Kxf1 $44) 19... Rb8 20. Qd8 $5 (20. f4 $2 Nxf4 $17 {Mikac-Sutovsky, Portoroz
1997}) 20... Bxa6 21. Qxe8 Rfxe8 22. Rxa6 Bxe5 23. Nxe5 Rxe5 24. Rxc6 $14) 16.
Nd4 Qg6 17. Nxc6 bxc6 $13)) (8. Be2 e5) (8. Qc2 e5 9. O-O-O (9. Bc4 {- 8.Bc4})
9... Bf5 (9... Nbd7 $5) 10. e4 Nxe4 $1 11. Nxe4 d5 12. Nxe5 (12. Bd3 dxe4 13.
Bxe4 Bxe4 14. Qxe4 exd4 15. Qxb7 Nc6 16. Rhe1 Qd7 $132) 12... Bxe4 $11 {
Thorfinnsson-Stevic, Plovdiv 2003}) 8... e5 (8... Nbd7 {/\ e5} 9. O-O e5 10. e4
(10. b4 {- Rozentalis-Avrukh, Belgrade 1999 CBM 69}) (10. a4 Kh8 {is the
typical plan in the Reti with reversed colours and if} (10... a5 {Black wants
to avoid a4-a5, but weakens >< b5.}) 11. a5 {then already} a6) (10. Ne1 Kh8 $5)
10... Nh5 {><f4} (10... Nb6 11. Bb3 Nh5 12. Re1 {- 10...Nh5}) 11. Re1 Nb6 (
11... Bf6 {The exchange of the dark-squared B brings some relief for Black.}
12. a4 a5 13. Bb3 Nb6 14. Nc4 Nxc4 15. Bxc4 Qe7 {1/2-1/2 Speelman-Cvitan,
Luzern 1997}) 12. Bb3 Bf6 (12... Bg4 {provoking h3, after which the N on f4
will have a target.} 13. h3 Bd7 14. a4 a5 15. Nc4 Nxc4 16. Bxc4 Nf4 17. Bg3 g5
18. Qb3 Rb8 19. Bb5 c6 20. Bf1 Qe7 21. dxe5 dxe5 $13 {Speelman-Ye Jiangchuan,
Beijing 1997}) 13. Bxf6 {From strategical point of view this exchange helps
for Black because of the central P formation.} (13. Bg3 {Avoiding the exchange
of the bishops is not very good:} Nxg3 14. hxg3 Qe7) 13... Nxf6 14. a4 a5 15.
Qb1 {The simple} Be6 {was good enough for equality:} (15... Nh5 $6 16. Qa2 Qe7
(16... Nf4 17. g3) 17. Qa3 Re8 {was safe and easy.} (17... Qf6 $2 {This
''natural'' move blunders a P at once.} 18. dxe5 dxe5 19. Qc5 $1 $18 {
Speelman-Hebden, Escaldes 1998 CBM 068})) 16. Qa2 Bxb3 17. Qxb3 Qe7 $11) 9. Qc2
(9. O-O Nbd7 {- 8...Nbd7} (9... Kh8 10. dxe5 dxe5 11. e4 Nh5 12. Re1 Nc6 13. a4
Nf4 14. Qc2 Bd7 15. a5 a6 16. b4 Nd8 17. Bb3 Nde6 18. Nc4 f6 $13 {Mi.
Tseitlin-Pikula, Oldenburg 2001})) 9... Kh8 {/\ f5} 10. h3 (10. O-O Nh5 {/\ f5}
(10... Nbd7)) 10... Nbd7 11. a3 $6 {These two moves do not harmonize together.}
(11. O-O Nh5) (11. O-O-O a6 {/\ b5}) 11... a6 12. Bg3 (12. O-O Nh5 {and the h4
B is the problem.}) 12... b6 (12... b5 13. Ba2 c5 {looks more active.}) 13.
dxe5 (13. O-O Bb7) 13... dxe5 (13... Nxe5 14. Nxe5 dxe5 15. e4 Nh5 $132 {/\ Nf4
}) 14. e4 {fighting for the light squares, but loses >< f4.} Bb7 (14... Nh5 15.
Bh2 Nf4 {looks more natural.}) 15. O-O Nh5 16. Bh2 f5 (16... Nf4 {was also
playable.} 17. Rfe1) 17. Nh4 (17. exf5 gxf5 18. Nh4 {looked better fighting
against the hanging pawns.}) 17... f4 {Now the dark-squared B remains utterly
passive.} 18. b4 Bf6 19. Ndf3 (19. Nhf3 {looks safer.}) 19... Ng7 20. Rfd1 Rd8
21. Bd5 c6 {Black wants to keep his light-squared B.} 22. Bb3 Kh7 (22... g5 23.
Nf5 Nxf5 24. exf5 e4 25. Nd4 Bxd4 26. Rxd4) 23. Rd2 Qe7 24. Rad1 Bc8 25. g3 {
White wants to infuse life into his "dead" B.} Nb8 26. Rxd8 Rxd8 27. Rxd8 Qxd8
28. Kg2 $2 (28. Bf7 $1 {was better.} g5 29. Ng6 Qc7 30. Nf8+ Kh8 31. Ng6+ Kh7 {
with repetition of moves.}) 28... Qd7 29. Ng1 Bxh4 30. gxh4 {Now White's
position deteriorates.} Qe7 31. Qd3 (31. Nf3 Be6 (31... Qd7 32. Ng1)) 31... Nd7
(31... Qxh4) 32. Qc4 $6 (32. Nf3 Nf6) 32... Nf6 33. Qf7 $2 {This whole plan
leads only to a lost _|_.} (33. Qd3 Be6) 33... Qxf7 34. Bxf7 Nxe4 $19 {Black
is a healthy P up.} 35. Nf3 Nf5 36. h5 (36. Nxe5 Nxh4+ $19) 36... g5 37. Bg6+ (
37. Nxe5 Nxc3 $19) 37... Kg7 38. Bxf5 Bxf5 39. Nxe5 Nxc3 40. f3 c5 41. bxc5
bxc5 42. h4 Kf6 43. Ng4+ Bxg4 44. fxg4 Nd5 45. Bg1 Ne3+ 46. Kf3 c4 47. hxg5+
Kxg5 48. Bh2 Nd5 49. Bg1 c3 50. Bd4 c2 51. Bb2 Nc7 52. a4 Ne6 53. Ba3 Nd4+ 54.
Ke4 f3 0-1

[Event "Petermaennchen GM"]
[Site "Schwerin"]
[Date "1999.08.14"]
[Round "8"]
[White "Kalinin, Oleg"]
[Black "Uhlmann, Wolfgang"]
[Result "1/2-1/2"]
[WhiteElo "2432"]
[BlackElo "2461"]
[Annotator "Hazai,L"]
[PlyCount "137"]
[EventDate "1999.08.09"]
[EventType "tourn"]
[EventRounds "9"]
[EventCountry "GER"]
[EventCategory "10"]
[SourceTitle "CBM 073"]
[Source "ChessBase"]
[SourceDate "1999.12.01"]
[SourceVersion "1"]
[SourceVersionDate "1999.12.01"]
[SourceQuality "1"]

1. d4 Nf6 2. Nf3 g6 3. c3 Bg7 4. h3 b6 5. Bf4 Bb7 6. Nbd2 d6 7. e3 O-O 8. Be2
Nbd7 9. O-O Qe8 {Black is playing for e7-e5.} (9... c5 {is a completely other
strategy with strictly positional ideas. Compare to the Reti with an extra
tempo for White, which is not very important here.}) 10. Bh2 e5 11. a4 (11.
dxe5 $143 {gives up the central P without any real compensation.} Nxe5 (11...
dxe5 {is also good.} 12. Nc4 Ne4 {Black can easily neutralize the pressure on
e5.} 13. Qc2 Qe7 {The Q's position has to be improved this way.} 14. Rad1 Rad8
(14... Rfd8 {wants to use the other R on the <<.} 15. Ncd2 Nd6 16. b4 a5 $13 {
Beni-M.Schlosser, Vienna 1990}) (14... a5 15. a4 Rfd8 16. Rfe1 f6 {This move
kills the B on h2, meanwhile his counterpart can occupy the a3-f8 /^ in the
long run.} 17. Na3 Nd6 18. b4 Kh8 {leaving the a2-g8 /^.} 19. Nd2 Nf8 20. Bf1
Ne6 $11 {Gagloshvili-Hornicek, Mlada Boleslav 1994}) 15. b4 f5 16. Qb3 Kh8 17.
Rfe1 g5 {Black grabs the |^ on the >>, when White is playing without plan.} 18.
Nfd2 Ndf6 19. Nf1 Nd5 $17 {Taulbut-Sznapik, Copenhagen 1982}) 12. Nxe5 dxe5 13.
Bf3 $6 (13. Qc2) 13... e4 {This was not a successful provocation from White's
point of view.} 14. Be2 Qe7 15. Qb3 Nd7 $1 16. Qc2 (16. Bxc7 $4 Nc5 $19) 16...
Nc5 17. b4 Nd3 $1 {This is a nice positional P sacrifice.} 18. Rad1 ({
Accepting the P sac immediately activates the black pieces.} 18. Bxd3 $2 exd3
19. Qxd3 Rad8 20. Qc2 Ba6 (20... Qg5 {is not so clear after} 21. Bg3 h5 22. h4
Qd5 ({or} 22... Qg4 {/\ g5} 23. Kh2) 23. Nf3 Qc4 24. Ne5) 21. Rfc1 Rd3 22. Qb2
Rfd8 $36 {dominating the whole board.}) 18... f5 (18... Rad8 $6 {is met by} 19.
Nxe4 $1 Qxe4 20. Bf3) 19. Bxd3 exd3 20. Qxd3 Rad8 21. Qc2 Qg5 (21... Ba6 22. b5
) 22. Bg3 h5 23. Qb3+ (23. h4 Qg4 (23... Qf6 24. c4 g5 25. Nf3 Bxf3 26. gxf3)
24. Kh2 Be5 25. f4 g5 26. Nf3 gxf4 27. Bxf4 Bxf4+ 28. exf4 Qxf4+ 29. Kg1 {
and although Black's position looks nicer, it is not easy to demonstrate a
clear-cut way to the real advantage.}) 23... Kh7 24. Qc4 f4 25. exf4 Qf5 26.
Bh4 $2 (26. Nf3 {was the persistant defence, for example:} Bxf3 27. gxf3 Qxh3
28. f5 Qxf5 29. Qxc7) 26... Rd3 27. Nb1 Rxh3 $1 28. Bg3 {[#] 
(Ballmann-Kortschnoj, SWZ-chT 1995)} (28. gxh3 Qxh3 29. f3 Qxh4 30. Qe2 Rxf4
$19) 28... Rh1+ $1 29. Kxh1 Qh3+ 30. Bh2 Qxg2#) (11. b4 {White has to play on
the << here.} Qe7 (11... a5 {deserves attention as well.} 12. Qb3 (12. bxa5 e4
13. Ne1 Rxa5) 12... axb4 13. Qxb4 Kh8) 12. a4 a6 {This is Black's flexible
defence in this type of position.} (12... a5 13. bxa5 Rxa5 14. Nc4 $36) (12...
Kh8 13. a5 Rab8 14. Qb3 Ne4 15. Nxe4 Bxe4 16. Nd2 Bb7 17. Bf3 Bxf3 18. Nxf3 b5
$13 {avoiding to open the a <-> for the white rooks.} (18... f5 {allows the
penetrating} 19. axb6 axb6 20. Ra7)) 13. Qb3 (13. a5 b5) 13... Kh8 14. a5 b5
15. Rac1 e4 16. Ne1 c5 {(Giffard-Jo.Horvath, Val Thorens 1995)} (16... d5 $5 {
with a positional P sacrifice for space advantage is worthy of attention.} 17.
Bxc7 Ne8 18. Bh2 f5 $44) 17. bxc5 dxc5 18. Nc2 $14 {/\ c4}) (11. Nc4 $143 {
is not logical here.} e4 (11... Ne4 {is also tempting for Black.}) 12. Nfd2 Nd5
13. Bxd6 $2 {This is a tactical miscalculation.} (13. Qb3) (13. a4) 13... cxd6
14. Nxd6 Qe7 $1 15. Nxb7 {The N has no way out from here!} N7f6 16. Ba6 Nc7 17.
Be2 Rfb8 $19 {Cicio-Espig, Cattolica 1993}) 11... a5 (11... a6 {looks more
flexible again.} 12. Qb3 Qe7 13. Qa3 {This Q manoeuvre doesn't pose any
serious threat.} Rfe8 14. Rfd1 {(Gostisa-Damljanovic, Bled 1991)} Ne4 15. Nxe4
Bxe4 16. Nd2 Bb7 $11) 12. Nc4 {This is the beginning of a sophisticated N
manoeuvre.} (12. Qc2 $5) 12... Ne4 (12... e4 {Here is not so effective,
because the N is not forced to retreat to the passive e1 square.} 13. Nfd2 Qe7
{(Schulz-Emms, Benidorm 1989)} 14. Qc2 Rfe8 15. Rfb1 Nf8 16. b4 $14 {and White
comes first on the <<, while Black's >> chances are problematic.}) 13. Na3 {
/\ Nb5} (13. Qc2 f5) (13. Nfd2 Nxd2 14. Qxd2 d5 $11) 13... Qe7 (13... f5 {
allows White the perpetual -> after} 14. Nb5 Rc8 15. Na7) 14. Nb5 Rac8 15. Na7
Rcd8 16. Nb5 {White is happy with the draw, but the aged GM has still
excellent fighting qualities!} Nb8 (16... Rc8 {is met by} 17. Na7) (16... Ndf6
17. Qc2 Ne8 {was the other alternative avoiding the draw.}) 17. Qc2 (17. Nd2
Nxd2 18. Qxd2 Qg5) 17... Ng5 (17... f5 {- 17...Ng5}) 18. Qd1 {White is
defending himself carefully.} Ne4 (18... Nxf3+ 19. Bxf3 Bxf3 20. Qxf3 e4 21.
Qe2 c6 22. Na3 d5 23. c4 {with an excellent B on the h2-b8 /^.}) 19. Qc2 f5 {
Black wants to continue the fight.} 20. dxe5 (20. Rfd1 {is already met by} Ng5
{because there is no Qd1 anymore.}) 20... dxe5 21. Rfd1 Rde8 {Uhlmann, the
former extra-class player and candidate avoids the exchanges at any rate.} (
21... Na6 {helps only White exchanging the rooks after} 22. Rxd8 Rxd8 23. Rd1)
22. Ne1 (22. Nd2 Ng5 {/\ Nh3}) 22... Ng5 (22... Na6 {was also possible.}) 23.
Bf1 (23. f3 Kh8) (23. Rd2 f4 $40 (23... Nxh3+ $5 {leads only to a perpetual
after} 24. gxh3 Qg5+ 25. Kf1 Qh4 26. Nxc7 Qxh3+ 27. Kg1)) 23... Na6 ({It was
time to begin the -> on the >> by playing} 23... f4 $1 $40) 24. f3 $1 {White's
defence is on the top.} Kh8 ({Here} 24... f4 {is already late because of} 25.
e4) 25. Kh1 e4 (25... Nc5 {looks also nice for Black.}) 26. f4 Ne6 27. Bc4 Nec5
(27... Nac5) 28. Qf2 Nd3 $5 {This is a nice positional P sacrifice in order to
open up the long /^ and the e <->.} (28... Rd8 $15) 29. Nxd3 exd3 30. Rxd3 Nc5
31. Rdd1 Bf6 $1 ({Winning back the material is nothing special after} 31...
Qxe3 32. Qxe3 Rxe3 33. Nxc7 Rxh3 34. Bd5 Bxd5 35. Nxd5) 32. Bg1 Ne4 ({missing
the consequent} 32... Bh4 $1 33. Qc2 (33. Qf1 Ne4) 33... Bg3 $40 {/\ Qh4}) 33.
Qc2 Bh4 34. Nd4 {Now The N has time to come back and organize the defence.} g5
35. fxg5 Qxg5 {Black has lost the orientation.} (35... Qe5 {leads only to
perpetual checks after} 36. Nf3 (36. Bh2 $2 Ng3+) 36... Ng3+ 37. Kh2 Nf1+ 38.
Kh1) 36. Nf3 Qh5 37. Bd5 Bc8 {avoiding the exchanges, as usual in this game!}
38. Nxh4 Qxh4 39. Bxe4 Rxe4 (39... fxe4 {was simpler.}) 40. Qf2 {Now White has
fully consolidated his position, but because of the ^- and Black's active
pieces he cannot convert his extra P to an advantage.} Qh6 41. Rd4 Bb7 42. Rxe4
Bxe4 43. Bh2 Qxh3 44. Kg1 Qg4 45. Bxc7 h5 46. Qg3 Qxg3 47. Bxg3 Rd8 $11 48. Rf1
Rd5 49. Rf2 Kg8 50. Bc7 b5 51. axb5 Rxb5 52. Rd2 a4 53. Bd6 Rd5 54. Rd4 Kf7 55.
g3 Ke6 56. Ba3 Rxd4 57. exd4 Bd3 58. Kf2 Kd5 59. Ke3 Be4 60. Kf4 Kc4 61. Ke5
Bf3 62. Kxf5 Bd5 63. Kg6 Bf3 64. Kg5 Be2 65. Kf6 Bf3 66. Ke6 Be4 67. Kd6 Bf3
68. Kc7 Kb5 69. Kd6 1/2-1/2

[Event "Julian Borowski-A 2nd"]
[Site "Essen"]
[Date "2000.04.27"]
[Round "1"]
[White "Bischoff, Klaus"]
[Black "Sutovsky, Emil"]
[Result "1-0"]
[WhiteElo "2544"]
[BlackElo "2597"]
[Annotator "Hazai,L"]
[PlyCount "69"]
[EventDate "2000.04.27"]
[EventType "tourn"]
[EventRounds "9"]
[EventCountry "GER"]
[EventCategory "15"]
[SourceTitle "CBM 077"]
[Source "ChessBase"]
[SourceDate "2000.07.27"]
[SourceVersion "1"]
[SourceVersionDate "2000.07.27"]
[SourceQuality "1"]

1. d4 Nf6 2. Nf3 g6 3. Nbd2 {This is a rather passive setup, after which the B
on c1 is not so easy to develop.} Bg7 4. e4 O-O 5. Be2 Nh5 $5 {This is a
somewhat extravagant move.} (5... d6 {was natural and good.}) 6. Nf1 $5 {
White is defending against Nf4.} (6. O-O {allows} Nf4 {although this is not a
big deal after} 7. Bc4 c6 (7... d5 8. exd5 Nxd5 {The N was rather busy in the
previous moves...} 9. Re1 Nb6 10. Bb3 $14 {with some pressure on the [+].}) 8.
Bb3 (8. Nb1 $5 {is a bit much of extravaganza!} d5 9. Bxf4 dxc4 10. Qd2 (10.
Nbd2 b5 $13) 10... c5 11. Bh6 cxd4 12. Bxg7 Kxg7 13. Nxd4 e5 14. Nb5 Nc6 15.
Nd6 Be6 $1 $11) 8... d5 9. Re1 $14 {and the N on f4 becomes shaky.}) 6... c5 7.
d5 {Now White has a strong Benoni [+].} (7. dxc5 {gives up White's strong [+].}
Qa5+ 8. c3 Qxc5 9. Ng3 Nf6 10. O-O Nc6 11. Be3 Qa5) 7... Qc7 (7... d6 {looks
more natural.} 8. Ng3 Nf6 {The N has lost some tempi, although the N on g3 is
not well-placed either.} (8... Nxg3 9. hxg3 Nd7 10. c3 Nf6 11. Qc2 $14) 9. O-O
$14) 8. Ng3 Nf6 (8... Nf4 {again is ridiculous due to} 9. d6 $1) (8... Nxg3 9.
hxg3 {opens up the h <->.}) 9. O-O (9. e5 $6 {is an unprepared assault in the 
[+].} Ne8 ({but not} 9... Ng4 10. d6 $1) 10. Bf4 d6 $1 {It is time to blow up
the [+].} (10... Qb6 11. Qc1 d6 12. c3 (12. O-O Nd7) 12... dxe5 13. Bxe5 $14)
11. exd6 Nxd6 {The N comes back from his exile.} 12. c3 Nd7 13. Ne4 Qb6 14.
Nxd6 exd6 15. Qb3 (15. Qd2 Nf6) 15... Re8 $11) 9... d6 10. h3 {Now the c8 B
has no perspective.} Nbd7 (10... e6 11. Re1 (11. c4 Re8) 11... exd5 12. exd5
Re8 13. Bg5 (13. c4 {can be met by the typical Benko Gambit blow} b5 $1 (13...
Ne4 $6 14. Bd3) 14. cxb5 Bb7 15. Bc4 Nbd7 $44 {>< d5}) 13... Nbd7 14. Qd2 $14 {
maintaining the control over the c1-h6 /^.}) 11. c3 Rb8 (11... e6 12. Re1 $14)
12. a4 a6 $6 {This creates additional weaknesses on the <<.} (12... b6 {
was more precise avoiding White's reply on 12...a6.} 13. Bc4 a6 14. Qd3 Ra8 15.
Bg5 $14 {and it is not easy for Black to come out of passivity.}) 13. a5 $16 b5
14. axb6 Nxb6 (14... Rxb6 15. Bc4 (15. Nd2 $14 {>< c4}) 15... Re8 16. Qd3 $16)
15. Bf4 {Now Black's << is also weakened.} Nbd7 (15... Ra8 16. Qd2) 16. Qd2 c4
{/\ Nc5} 17. Ra4 {against Nc5} Qb7 (17... Nb6 18. Ra3 Nbd7 19. Be3 $1 (19. Nd4
{allows the activization of the black pieces after} Nc5 20. Bxc4 Nfxe4 21. Nxe4
Nxe4 22. Qe2 Rxb2 $1 23. Qxb2 Qxc4 $44) 19... Nb6 (19... Nc5 $2 20. Bxc5 Qxc5
21. Ra4 Qb6 22. Rb4 $16 {and the c P falls.}) 20. Nd4 Bb7 21. Bh6 $16) 18. Rb4
Nb6 19. Ra1 (19. Nd4 $5 {>< c6} a5 (19... Bd7 20. Ra1 $16) 20. Rb5 Ra8 21. Nc6
$16 {attacking the weak pawns on the <<.}) 19... Qc7 20. Be3 {forcing to
withdraw the b6 N.} Nfd7 21. Bh6 {exchanging Black's only active piece.} Bxh6 (
21... e6 $2 22. Nh5 $1) 22. Qxh6 f6 23. Nf1 (23. Nd4 Ne5 24. Qd2 $16) 23... Qc5
(23... Nc5 24. N1d2 $16) 24. N1d2 a5 {[#]} (24... Ne5 25. Nd4) 25. Nd4 $1 $18 {
After this intermediate move Black cannot parry all the threats.} Ne5 (25...
axb4 26. Ne6 $18) 26. Rb5 Qc7 27. Rbxa5 g5 28. Nf1 Bd7 29. Ne3 Nf7 30. Qh5 Nc8
31. Bg4 Rxb2 32. Be6 Bxe6 33. Nxe6 Qb6 34. Nxf8 Rb1+ 35. Kh2 1-0